Statistics for Highest-Scoring Jetpunk Quiz #4 in 15 Seconds

Click here to take the quiz!

General Stats

  • This quiz has been taken 40 times
  • The average score is 6 of 7

Answers on the Map

Answers color-coded by a green-red scale on the quiz's map according to % correct below.
 

Answer Stats

continent% Correct
North America
100%
Africa
92%
Asia
85%
Europe
85%
South America
85%
Antarctica
62%
Oceania
62%

Score Distribution

Percentile by Number Answered

Percent of People with Each Score

Your Score History

You have not taken this quiz